00000000cam 2200000zi 4500
0019.961846
003CaOODSP
00520260603160902
006m     o  d f      
007cr cn ||||||||
008260413t20262026onc     o    f000 0 fre d
020 |a9780660995076
040 |aCaOODSP|bfre|erda|cCaOODSP
043 |an-cn---
0861 |aBT48-60/2026F-PDF
24500|aFeuille de route pour le déploiement à grande échelle des projets d'IA dans le secteur public.
264 1|aOttawa, Ontario : |bSecrétariat du Conseil du trésor du Canada = Treasury Board of Canada Secretariat, |c2026.
264 4|c©2026
300 |a1 ressource en ligne (16 pages)
336 |atexte|btxt|2rdacontent/fre
337 |ainformatique|bc|2rdamedia/fre
338 |aressource en ligne|bcr|2rdacarrier/fre
500 |aPublié aussi en anglais sous le titre : Roadmap to scale AI projects in the public sector.
500 |a« Publié : le 2026-03-30. »
650 6|aIntelligence artificielle|xPolitique gouvernementale|zCanada.
7101 |aCanada. |bConseil du trésor, |eorganisme de publication.
77508|tRoadmap to scale AI projects in the public sector.|w(CaOODSP)9.961847
85640|qPDF|s881 Ko|uhttps://publications.gc.ca/collections/collection_2026/sct-tbs/BT48-60-2026-fra.pdf
8564 |qHTML|sS.O.|uhttps://www.canada.ca/fr/gouvernement/systeme/gouvernement-numerique/innovations-gouvernementales-numeriques/utilisation-responsable-ai/defi-matiere-ia-g7/feuille-route-deploiement-grande-echelle-projetsia-secteur-public.html